النظريات المحدثة للتجارة الدولية / (رقم التسجيلة. 24120)
[ عرض عادي ]
| 000 -الفاتح | |
|---|---|
| حقل البيانات ثابتة الطول | 00864nam a2200217 a 4500 |
| 003 - محدد رقم الضبط | |
| رقم الضبط | OSt |
| 005 - وقت وتاريخ اخر تعامل مع التسجيلة | |
| رقم الضبط | 20150408114044.0 |
| 008 - عناصر البيانات ثابتة الطول - معلومات عامة | |
| حقل البيانات ثابتة الطول | 120616s2012 le ad g b 000 0 ara d |
| 020 ## - الرقم الدولى المعيارى للكتب | |
| الرقم الدولى المعيارى للكتاب | 9789953557519 |
| 040 ## - مصدر الفهرسة | |
| وكالة الفهرسة الأصلية | عمادة شؤون المكتبات في جامعة المجمعة |
| 082 04 - رقم تصنيف ديوى العشرى | |
| رقم الطبعة | 21 |
| رقم التصنيف | 380.109 |
| رقم المادة | 380.109 ن د م |
| 100 1# - المدخل الرئيسى - إسم شخصى | |
| الإسم الشخصى | دياب، محمد. |
| 9 (RLIN) | 13451 |
| 245 12 - بيان العنوان | |
| العنوان | النظريات المحدثة للتجارة الدولية / |
| بيان المسئوليه,etc | محمد دياب، بسام الحجار. |
| 250 ## - بيان الطبعة | |
| بيان الطبعة | ط. 1. |
| 260 ## - PUBLICATION, DISTRIBUTION, ETC. (IMPRINT) | |
| مكان الناشر او الموزع | بيروت : |
| اسم الناشر او الموزع | دار المنهل اللبناني، |
| تاريخ النشر أو التوزيع | 2012 |
| -- | 1433. |
| 300 ## - الوصف المادى | |
| التعداد | 192 ص. : |
| تفاصيل ماديه اخرى للوعاء | جداول، رسوم بيانية ؛ |
| أبعاد الوعاء | 24 سم. |
| 504 ## - تبصرة ببليوجرافية | |
| تبصرة ببليوجرافية,الخ | ببليوجرافية : ص. 185-188. |
| 650 #7 - المدخل الاضافى بالموضوع-مصطلح موضوعى | |
| مصدر الرأس أو المصطلح | aucsh |
| مصطلح موضوعي أو اسم جغرافي كعنصر مدخل | التجارة الخارجية |
| التقسيم الفرعي العام | فلسفة |
| 9 (RLIN) | 15739 |
| 700 1# - المدخل الاضافى - اسم شخصى | |
| الإسم الشخصى | الحجار، بسام. |
| 9 (RLIN) | 15740 |
| 942 ## - عناصر المدخل الإضافي( كوها) | |
| مصدر التصنيف او مخطط الترفيف | Dewey Decimal Classification |
| Koha [default] item type | كتاب |
| حالة الفقد | نموذج السعر الفعال | حالة تلف | ليس للاعارة | رقم الطلب | رقم النسخة | تاريخ الاكتساب | الموقع الحالي | الباركود | موقع الترفيف | الفرع الرئيسي | Date last seen | نوع المادة فى نظام كوها | مصدر التصنيف او خطة الترفيف | Total Checkouts |
|---|---|---|---|---|---|---|---|---|---|---|---|---|---|---|
| 2013-03-10 | Not For Loan | 380.109 380.109 ن د م | 1 | 2012-06-16 | المكتبة المركزية بالمجمعة (CL) | 208001 | stacks td | المكتبة المركزية بالمجمعة (CL) | 2013-03-10 | كتاب | Dewey Decimal Classification | |||
| 2013-03-10 | 380.109 380.109 ن د م | 2 | 2012-06-16 | المكتبة المركزية بالمجمعة (CL) | 208000 | stacks td | المكتبة المركزية بالمجمعة (CL) | 2013-03-10 | كتاب | Dewey Decimal Classification | ||||
| 2013-03-10 | 380.109 380.109 ن د م | 3 | 2012-06-16 | المكتبة المركزية بالمجمعة (CL) | 207999 | stacks td | المكتبة المركزية بالمجمعة (CL) | 2013-03-10 | كتاب | Dewey Decimal Classification | ||||
| 2013-03-10 | Not For Loan | 380.109 380.109 ن د م | 1 | 2012-06-16 | مكتبة كلية العلوم و الدراسات الإنسانية برماح - طالبات (SRF) | 207996 | stacks td | مكتبة كلية العلوم و الدراسات الإنسانية برماح - طالبات (SRF) | 2013-03-10 | كتاب | Dewey Decimal Classification | |||
| 2013-03-10 | 380.109 380.109 ن د م | 2 | 2012-06-16 | مكتبة كلية العلوم و الدراسات الإنسانية برماح - طالبات (SRF) | 207995 | stacks td | مكتبة كلية العلوم و الدراسات الإنسانية برماح - طالبات (SRF) | 2013-03-10 | كتاب | Dewey Decimal Classification | ||||
| 2013-03-10 | Not For Loan | 380.109 380.109 ن د م | 1 | 2012-06-16 | مكتبة كلية العلوم و الدراسات الإنسانية برماح - طلاب (SRM) | 207994 | stacks td | مكتبة كلية العلوم و الدراسات الإنسانية برماح - طلاب (SRM) | 2013-03-10 | كتاب | Dewey Decimal Classification | |||
| 2013-03-10 | 380.109 380.109 ن د م | 2 | 2012-06-16 | مكتبة كلية العلوم و الدراسات الإنسانية برماح - طلاب (SRM) | 207993 | stacks td | مكتبة كلية العلوم و الدراسات الإنسانية برماح - طلاب (SRM) | 2013-03-10 | كتاب | Dewey Decimal Classification |
